Štúdium životnosti káblov a kábelových koncoviek analýzou pôsobenia čiastkových výbojov

Bibliographic Details
Main Author: Tkáč, Ján, 1953- (Author)
Format: Article
Language:Slovak
Subjects:

MARC

LEADER 00000nab a2200000 a 4500
001 vtls000382157
003 SK-MaSNL
005 20260302232424.0
008 111202c1988 xo 0 slo
015 |a SNBRA19rr/mm-uuuuu 
035 |a CL0382279 
040 |a SNKBUCL  |b slo  |c SNKBUCL  |e AACR2 
041 0 |a slo 
044 |a xo  |c SK 
080 |a 621.315.21.015.51:621.317.44:620.169.1  |2 1981 
080 |a 621.317.44  |2 1981 
080 |a 620.169.1  |2 1981 
100 1 |a Tkáč, Ján,  |d 1953-  |4 aut  |9 5855 
245 1 0 |a Štúdium životnosti káblov a kábelových koncoviek analýzou pôsobenia čiastkových výbojov  |c Ján Tkáč 
650 0 7 |a káble  |2 snkbucl  |9 49702 
650 0 7 |a koncovky káblové  |2 snkbucl  |9 936314 
650 0 7 |a výboje čiastkové  |2 snkbucl  |9 925266 
655 7 |a články zo zborníkov  |2 snkbucl  |9 166140 
773 0 |t Elektrotechnika 88. Sekcia: Silnoprúdová elektrotechnika a energetika  |d Bratislava : SVŠT, 1988 
850 |a Slovenská národná knižnica v Martine  |a MTA001 
852 |a SNK  |b KIS3GCP 
958 |a RK 
992 |a RZB 
999 |c 1542838  |d 1544768